Statistics for State Quiz - Washington

Click here to take the quiz!

General Stats

  • This quiz has been taken 7,638 times
    (1,439 since last reset)
  • The average score is 15 of 20

Answer Stats

HintAnswer% Correct
Most populous citySeattle
99%
Two richest people in the state
(and also the world)
Bill Gates
96%
State capitalOlympia
93%
Oceanic inlet{Puget} Sound
92%
Volcano that erupted in 1980Mount St. Helens
90%
Two richest people in the state
(and also the world)
Jeff Bezos
89%
Former grunge band led
by Kurt Cobain
Nirvana
85%
Tallest mountainMount Rainier
82%
Another name for BigfootSasquatch
82%
State fruitApple
80%
Supernatural book series set
in Forks, Washington
Twilight
75%
Major mountain rangesCascade
73%
What are sockeye, coho,
and chinook?
Types of salmon
72%
Beverage company that started
in Washington in 1971
(The original logo had nipples)
Starbucks
69%
Company that owns the world's
largest building, in Everett
Boeing
64%
Longest riverColumbia
63%
What are Vashon, Bainbridge,
and San Juan?
Islands
58%
State nicknameThe {Evergreen} State
55%
Major mountain rangesOlympic
45%
What is a geoduck?A type of clam
42%

Score Distribution

Percentile by Number Answered

Percent of People with Each Score

Your Score History

You have not taken this quiz since the last reset